[Event "5 Memorial Gino Serafini"]
[Site "Civitanova Marche (MC)"]
[Date "2018.09.30"]
[Round "4"]
[White "Borgiani Flavio"]
[Black "Gregori Giacomo"]
[Result "0-1"]
[WhiteElo "2167"]
[BlackElo "2296"]
[PlyCount "64"]
[EventCountry "ITA"]

1. Nc3 d6 2. d4 Nf6 3. e4 e5 4. Nf3 Nbd7 5. Bc4 Be7 6. O-O O-O 7. h3 c6 8. Bb3
b5 9. d5 c5 10. Nxb5 Nxe4 11. c4 a6 12. Na3 Ng5 13. Nxg5 Bxg5 14. Qh5 Bxc1 15.
Raxc1 f5 16. f4 Qf6 17. Rc3 Ra7 18. Nc2 g6 19. Qh6 exf4 20. Qxf4 Ne5 21. h4 Ng4
22. g3 Re7 23. Qf3 Qg7 24. Kh1 f4 25. gxf4 Qh6 26. Qg3 Re2 27. Kg1 Rh2 28. Ne1
Rxh4 29. Nf3 Rh1+ 30. Kg2 Rh3 31. Qe1 Rh2+ 32. Kg1 Rh1+ 0-1